| 000 | 00866nam a2200253Ia 4500 | ||
|---|---|---|---|
| 999 |
_c50820 _d50820 |
||
| 001 | 17773 | ||
| 003 | GE_BSU | ||
| 005 | 20200224113442.0 | ||
| 008 | 181216s2005fr xx |||||||||||||| ||fre|| | ||
| 020 | _a978-2011554338 | ||
| 040 | _cGE_BSU | ||
| 041 | _afre | ||
| 080 | _a811.133.1L-58 | ||
| 245 |
_aLes 500 Exercices Grammaire : _bNiveau : B1 : Avec Corriges / _cMarie-Pierre Caquineau-Gunduz ; Yvonne Delatour ; Dominique Jennepin ; Francoise Lesage-Langot. |
||
| 264 |
_aParis : _bHachette, _c2005. |
||
| 300 |
_a223 p; _c24 cm. |
||
| 653 | _aLes 500 Exercices Grammaire | ||
| 653 | _aფრანგული ენა(გრამატიკა) | ||
| 700 |
_aCaquineau-Gunduz , Marie-Pierre _97370 |
||
| 700 |
_a Delatour, Yvonne _97371 |
||
| 700 |
_aJennepin, ,Dominique _97372 |
||
| 700 |
_aLesage-Langot, Francoise _97373 |
||
| 942 |
_cBK _2udc |
||